[Event "TA Province-ch 08"]
[Site "Taranto"]
[Date "2007.12.16"]
[Round "2"]
[White "De Pace, Orlando"]
[Black "Albano, Vito"]
[Result "1-0"]
[WhiteElo "1404"]
[BlackElo "1700"]
[PlyCount "40"]
[EventDate "2007.12.15"]
[EventType "swiss"]
[EventRounds "3"]
[EventCountry "ITA"]
[SourceTitle "EXT 2010"]
[Source "ChessBase"]
[SourceDate "2010.11.25"]
[SourceVersion "1"]
[SourceVersionDate "2010.11.25"]
[SourceQuality "1"]

1. e4 c5 2. Nf3 Nc6 3. c3 d6 4. d4 cxd4 5. cxd4 a6 6. Be2 Nf6 7. Nc3 g6 8. 0-0 Bg7 9. Bg5 0-0 10. Qd2 Re8 11. Rac1 Bg4 12. a3 Rc8 13. Rc2 Qa5 14. Be3 b5 15. Rfc1 b4 16. axb4 Nxb4 17. Na2 Rxc2 18. Rxc2 Qxa2 19. Qxb4 Qb1+ 20. Rc1 Rc8 1-0